[Event "YUG-chT 52nd"]
[Site "?"]
[Date "2000.09.02"]
[Round "9"]
[White "Kostic Vladimir"]
[Black "Blagojevic Dragisa"]
[Result "0-1"]
[WhiteElo "2405"]
[BlackElo "2475"]
[PlyCount "136"]
[EventDate "2000.??.??"]
[Source "www.chesslib.no"]
[SourceDate "2004.05.04"]

1. e4 e5 2. Nf3 Nc6 3. d4 exd4 4. c3 d5 5. exd5 Qxd5 6. cxd4 Bb4+ 7. Nc3 Bg4 8. Be2 Bxf3 9. Bxf3 Qc4 10. Qb3 Qxb3 11. axb3 Nge7 12. Be3 O-O-O 13. O-O a6 14. Ra4 Bd6 15. Rc1 f5 16. g3 Nb4 17. Ne2 Nbd5 18. Bd2 c6 19. Nc3 Bc7 20. Bg5 Rd7 21. Rc4 h6 22. Bxe7 Nxe7 23. d5 cxd5 24. Nxd5 Nxd5 25. Bxd5 Re8 26. Bf3 Kb8 27. Kf1 Be5 28. Re1 Ree7 29. Rc5 Bxb2 30. Rxe7 Rxe7 31. Rxf5 Kc7 32. Rc5+ Kb6 33. Rd5 Bf6 34. h4 Kc7 35. Rc5+ Kb6 36. Rd5 Kc7 37. Rc5+ Kb8 38. Rd5 Ka7 39. Be2 Rc7 40. f4 b5 41. h5 Kb6 42. g4 Rc5 43. Rd6+ Ka5 44. Kg2 Rc2 45. Kf3 Rc3+ 46. Kg2 Rxb3 47. g5 hxg5 48. h6 Re3 49. Bh5 Bc3 50. fxg5 gxh6 51. gxh6 b4 52. Bd1 Re7 53. Kf3 Rf7+ 54. Ke3 Re7+ 55. Kf3 Rf7+ 56. Ke3 Rf6 57. Rd5+ Kb6 58. Rh5 Rd6 59. Bb3 Bd2+ 60. Ke4 Bxh6 61. Re5 Bg7 62. Re6 Rxe6+ 63. Bxe6 Kb5 64. Bb3 a5 65. Kd5 a4 66. Bc4+ Ka5 67. Kc5 Bf8+ 68. Kd4 b3 0-1

[Event "Jiri Pelikan Memorial B"]
[Site "?"]
[Date "1997.??.??"]
[Round "?"]
[White "Geider Frank"]
[Black "Hofstetter Hans-Joachim"]
[Result "0-1"]
[WhiteElo "2380"]
[BlackElo "2500"]
[PlyCount "66"]
[EventDate "1997.??.??"]
[Source "www.chesslib.no"]
[SourceDate "2004.05.04"]

1. e4 e5 2. Nf3 Nc6 3. d4 exd4 4. c3 dxc3 5. Bc4 d6 6. Nxc3 Nf6 7. Qb3 Qd7 8. Ng5 Ne5 9. Bb5 c6 10. f4 Neg4 11. Be2 h6 12. Nf3 d5 13. exd5 Nxd5 14. h3 Ngf6 15. Ne5 Qc7 16. Nxd5 Nxd5 17. O-O Bc5+ 18. Kh1 O-O 19. Qg3 Bf5 20. Bc4 Rad8 21. Ng4 Qd6 22. a3 Qg6 23. Qf3 Be4 24. f5 Bxf3 25. fxg6 Bxg4 26. gxf7+ Rxf7 27. Rxf7 Kxf7 28. hxg4 Bd4 29. Bd2 b5 30. Rf1+ Ke6 31. Re1+ Kd6 32. Bxd5 Kxd5 33. b3 c5 0-1

[Event "Cheliabinsk"]
[Site "Cheliabinsk"]
[Date "1991.??.??"]
[Round "?"]
[White "Maciejewski, Andrzej"]
[Black "Kholmov, Ratmir D"]
[Result "1/2-1/2"]
[WhiteElo "2435"]
[BlackElo "2445"]
[PlyCount "23"]
[EventDate "1991.??.??"]
[Source "ChessBase"]

1. e4 e5 2. Nf3 Nc6 3. d4 exd4 4. Bc4 d6 5. Nxd4 Nf6 6. Nc3 Be7 7. O-O O-O 8. h3 a6 9. a4 Nxd4 10. Qxd4 Be6 11. a5 Bxc4 12. Qxc4 1/2-1/2

[Event "ARG-ch"]
[Site "ARG"]
[Date "1995.??.??"]
[Round "1"]
[White "Gomez Baillo, Jorge H"]
[Black "Servat, Roberto"]
[Result "0-1"]
[WhiteElo "2420"]
[BlackElo "2450"]
[PlyCount "44"]
[EventDate "1995.??.??"]
[Source "ChessBase"]

1. e4 e5 2. Nf3 Nc6 3. d4 exd4 4. c3 dxc3 5. Nxc3 d6 6. Bc4 Nf6 7. Qb3 Qd7 8. Ng5 Ne5 9. Bb5 c6 10. f4 cxb5 11. fxe5 dxe5 12. Be3 a5 13. a3 a4 14. Qxb5 Be7 15. h3 O-O 16. Qxe5 Bd6 17. Qd4 Bg3+ 18. Ke2 Qe7 19. Nf3 b6 20. Bg5 Ba6+ 21. Ke3 Rfd8 22. Bxf6 Qxf6 0-1

[Event "Baden-Baden"]
[Site "Baden-Baden GER"]
[Date "1988.??.??"]
[Round "?"]
[White "Pirrot, Dieter"]
[Black "Blatny, Pavel"]
[Result "0-1"]
[WhiteElo "2380"]
[BlackElo "2490"]
[PlyCount "74"]
[EventDate "1988.07.??"]
[Source "www.chesslib.no"]
[SourceDate "2004.05.04"]

1. e4 e5 2. Nf3 Nc6 3. d4 exd4 4. c3 dxc3 5. Bc4 d6 6. Nxc3 Nf6 7. Qb3 Qd7 8. Ng5 Ne5 9. Bb5 c6 10. f4 Neg4 11. Be2 h6 12. Nf3 d5 13. e5 Ne4 14. Nd4 Qd8 15. Nxe4 dxe4 16. Be3 Bb4+ 17. Kf1 Nxe3+ 18. Qxe3 Bc5 19. Rd1 Bxd4 20. Rxd4 Qb6 21. b3 O-O 22. Kf2 Be6 23. Qxe4 f6 24. Rhd1 Bd5 25. Bc4 Bxc4 26. bxc4 fxe5 27. Qxe5 Rae8 28. Qd6 Rf6 29. Qd7 Rxf4+ 30. Kg3 Rff8 31. R1d3 Qc5 32. h4 Qe5+ 33. Kh3 Qe1 34. Rg4 Qh1+ 35. Kg3 Qe1+ 36. Kh3 Re7 37. Qd4 Rf1 0-1

[Event "LADAC"]
[Site "?"]
[Date "1999.11.01"]
[Round "?"]
[White "Mairal Carlos Alberto (ARG"]
[Black "Cena Aldo Omar (ARG)"]
[Result "1/2-1/2"]
[WhiteElo "2440"]
[BlackElo "2430"]
[PlyCount "93"]
[EventDate "1999.??.??"]
[Source "www.chesslib.no"]
[SourceDate "2004.05.04"]

1. e4 e5 2. Nf3 Nc6 3. d4 exd4 4. c3 d5 5. exd5 Qxd5 6. cxd4 Bg4 7. Be2 Bb4+ 8. Nc3 Bxf3 9. Bxf3 Qc4 10. Bxc6+ bxc6 11. Qe2+ Qxe2+ 12. Kxe2 O-O-O 13. Be3 Ne7 14. Rac1 Nf5 15. Rhd1 Rhe8 16. Na4 Nxd4+ 17. Kf1 Ne6 18. Bxa7 Kb7 19. Rxd8 Rxd8 20. Be3 Bd2 21. Rd1 Bxe3 22. Rxd8 Nxd8 23. fxe3 Ne6 24. Ke2 Ka6 25. Nc3 Kb6 26. Kd3 Nf8 27. Kc4 Ng6 28. Na4+ Ka7 29. Nc5 Nh4 30. g3 Nf3 31. h3 Ne5+ 32. Kb4 Nf3 33. a4 Ng1 34. h4 h5 35. Ne4 Ne2 36. Kc5 Kb7 37. Ng5 Nxg3 38. Nxf7 Nf5 39. Nd8+ Kc8 40. Ne6 Nxh4 41. Nxg7 Ng2 42. Nxh5 Nxe3 43. Kxc6 Nc4 44. b4 Ne5+ 45. Kb5 Kb7 46. Nf4 Nd7 47. Nd3 1/2-1/2

[Event "Bad Woerishofen Open 15th"]
[Site "?"]
[Date "1999.??.??"]
[Round "9"]
[White "Pirrot Dieter"]
[Black "Kupreichik Viktor D"]
[Result "1-0"]
[WhiteElo "2410"]
[BlackElo "2457"]
[PlyCount "117"]
[EventDate "1999.??.??"]
[Source "www.chesslib.no"]
[SourceDate "2004.05.04"]

1. e4 e5 2. Nf3 Nc6 3. d4 exd4 4. c3 d3 5. Bxd3 d6 6. h3 Be7 7. O-O Nf6 8. Nd4 Ne5 9. Bc2 c5 10. Ba4+ Bd7 11. Nf5 O-O 12. Bxd7 Qxd7 13. Bg5 Rfe8 14. Nd2 Rad8 15. Nf3 Ng6 16. Qc2 h6 17. Bxf6 Bxf6 18. Rad1 Qc6 19. Rfe1 d5 20. exd5 Rxe1+ 21. Rxe1 Qxd5 22. c4 Qc6 23. b3 Nf4 24. Re4 Nd3 25. Ne7+ Bxe7 26. Rxe7 Kf8 27. Re3 Qd6 28. Ne1 Nf4 29. Qe4 b6 30. Nf3 Ng6 31. g3 Kg8 32. h4 Nf8 33. Qe7 Ne6 34. Qxa7 Qc6 35. Qxf7+ Kxf7 36. Ne5+ Kf6 37. Nxc6 Rd1+ 38. Kg2 g5 39. hxg5+ hxg5 40. Ne5 Rd2 41. a4 Kf5 42. Nc6 g4 43. Ne7+ Kf6 44. Nd5+ Kf5 45. Nxb6 Ng5 46. Re8 Nf3 47. Nd5 Rb2 48. Ne3+ Kg5 49. Rg8+ Kh5 50. Nxg4 Rxb3 51. Ne3 Ne1+ 52. Kf1 Nd3 53. Rd8 Ra3 54. Nc2 Rc3 55. a5 Nf4 56. Rd2 Ne6 57. Ne3 Ra3 58. Rd6 Ng5 59. g4+ 1-0